LIBRARY & INFORMATION CENTRE, KCAET, TAVANUR

ONLINE PUBLIC ACCESS CATALOGUE (OPAC)

Fundamentals of Milling practice / (Record no. 3240)

MARC details
000 -LEADER
fixed length control field 00377cam a2200145ua 4500
041 ## - LANGUAGE CODE
Language code of text/sound track or separate title eng
082 ## - DEWEY DECIMAL CLASSIFICATION NUMBER
Classification number 671.35
Item number Avr/Fu
100 ## - MAIN ENTRY--AUTHOR NAME
Personal name Avrutin, S .
245 ## - TITLE STATEMENT
Title Fundamentals of Milling practice /
260 ## - PUBLICATION, DISTRIBUTION, ETC. (IMPRINT)
Place of publication Moscow :
Name of publisher Foreign Language Publishing House ,
Year of publication 1963.
300 ## - PHYSICAL DESCRIPTION
Number of Pages 328 ; .
942 ## - ADDED ENTRY ELEMENTS (KOHA)
Koha item type Books
Holdings
Withdrawn status Lost status Damaged status Home library Current library Date acquired Full call number Accession Number Koha item type
      KAUAET KAUAET 07/04/2012 671.35 3675 Books
free website counter